| 000 | 01638nam0a2200337 i 4500 | ||
|---|---|---|---|
| 001 | RU\NLR\BIBL_A\011261559 | ||
| 005 | 20241109125216.0 | ||
| 010 |
_a9785948395630 _9100 |
||
| 021 |
_aRU _b2016-80026 _95218 |
||
| 035 | _a(NLR Aleph) 011261559 | ||
| 090 |
_a12218545 _c12218545 |
||
| 100 | _a20161102d2016 u y0rusy50 ca | ||
| 101 | 0 | _arus | |
| 102 | _aRU | ||
| 105 | _aac c 001zy | ||
| 200 | 1 |
_aШаронина Мария Германовна _eбиобиблиографический указатель _fФедер. гос. бюджет. образоват. учреждение высш. образования "Челяб. гос. ин-т культуры" _g[сост.: Моковая Т. Н. и др.] |
|
| 210 |
_aЧелябинск _cЧГИК _d2016 |
||
| 215 |
_a89 с., [8] л. ил., портр. _d21 |
||
| 320 | _aЛит. о тр. и деятельности М.Г. Шарониной: с. 40-49 | ||
| 320 | _aИмен. указ.: с. 50-53 | ||
| 600 | 1 |
_aШаронина _bМ. Г. _gМария Германовна _jБиобиблиография _92307060 _3RU\NLR\AUTH\6601606944 |
|
| 686 | 1 | _aЧ488.757.44(2Р)7-8Шаронина.я1 | |
| 702 | 1 |
_aМоковая _bТ. Н. _f1976- _gТатьяна Николаевна _4220 |
|
| 702 | 1 |
_aШаронина _bМ. Г. _gМария Германовна _4570 |
|
| 712 | 0 | 2 |
_4570 _aЧелябинский государственный институт культуры _9511076 _3RU\NLR\AUTH\880423163 |
| 942 | _cBOOK | ||
| 980 | _aNBR | ||